Luidji - Saison 00 - Statistiques

Statistiques générales
  • Ce quiz a été pris 49 fois
  • Le résultat moyen est 9 sur 14
Statistiques - réponses
Réponse % Correct
ALEXIS
97%
Téléfoot
82%
Joueur 1 (ft. Tuerie)
76%
Monde (ft. Ryan Koffi)
68%
Reste en Vie
63%
Miskine
61%
Cabine
58%
Les Aéroports et les Gares (ft. Astrønne)
58%
AYIDA
55%
Bahia
55%
DAMBALLAH
55%
Sérénade
53%
igné
47%
Dr Komprann
45%
Aucun quiz correspondant
Distribution des résultats
% des personnes avec chaque résultat
Percentile par nombre de réponses
Votre historique - résultats
Vous n’avez pas pris ce quiz